01619 am a2200373 a 450000500170000000800410001702000180005804100080007609200210008410000470010524500820015225000630023426000300029730000110032750001020033859000520044065300330049265300620052565300770058765300480066465300580071265300350077065300350080565300240084065300250086465300410088965300680093065300390099865300740103793000090111194200120112099900130113295201000114520240524085625.0100427s2009||||mx a f |||| 001 0 spa d a9786077504269 aspa c614.772l13sCOR1 aCórdova Villalobos, José Ángel.9584 3aLa salud de los mexicanos 2007-2012 / cJosé Ángel Córdova Villalobos. a1a ed.bColección Platino Academia Mexicana de Cirugía aMéxico: bAlfil;c2009. a236 p. aCórdova Villalobos, J. (2009). La salud de los mexicanos 2007-2012. (1a ed.). México : Alfil. aDonación Academia Mexicana de Cirugía, 2010 aSistema de salud en México aPromoción de la salud y la prevención de enfermedades aEvaluación económica para las políticas de financiamiento en salud aSistema de información en salud 2006-2012 aAtención de riesgos sanitariosen México: COFEPRIS aHospitales de alta complejidad aInstitutos nacionales de salud aSalud internacional aVentanillas de salud aUnidades médicas de especialidades aFortalecimiento de la Comisión Nacional de Arbitraje Médico aComunicación en materia de salud aCobertura universal en salud. Sistema de protección social en salud a2096 2ddccBK c272d272 00104070aBFMbBFMcCRd2011-05-13l0o614.772 13 CORp2096r2014-11-06tej.1w2011-05-13yBK